Waar is Nederland bekend om - Sudden Death - Statistieken

Algemene statistieken
  • Deze quiz is 55 keer genomen
  • De gemiddelde score is 3 van 6
Answers on the Grid
Answers color-coded by a green-red scale on the quiz's grid according to % correct below.
Bolussen
Kerktorens
Tulpen
Zeelandbrug
Cauberg
Babbelaars
Vlaaien
Molens
Martinitoren
Dijken
Mosselen
Tolerantie
Frikadellen
Klompen
Afsluitdijk
Voetbal
Oliebollen
Conservatief
Kaas
Pasen
 
Antwoordstatistieken
Antwoord % Correct
Tulpen
86%
Dijken
50%
Klompen
46%
Molens
36%
Kaas
32%
Tolerantie
14%
Geen overeenkomende quizzen gevonden
Scoreverdeling
Procent van Mensen met Elke Score
Percentiel versus Aantal Correcte Antwoorden
Uw Scoregeschiedenis
U heeft deze quiz nog niet genomen